000 00622nam a22002537a 4500
003 UA-OsUOA
001 61153
007 ta
008 20090619b un ||||| |||| 00| 0 ukr d
100 _aБазилевич В. Д.
700 _aПогорєльцева Н. П.
090 _a336.77
_bБ17
942 _cBK
040 _aUA-OsUOA
_bukr
_cUA-OsUOA
_dUA-OsUOA
245 _aІпотечний ринок
300 _a717 с.
955 _a2
041 _aukr
080 _a336.77
020 _a978-966-346-444-2
260 _aК.
_bЗнання
_c2008
650 7 _a336 Фінанси
_2UDC
999 _c347014
_d347014